header

Milestones : (Record no. 145975)

MARC details
000 -LEADER
fixed length control field 02130nam a2200409 i 4500
001 - CONTROL NUMBER
control field ebr11025950
003 - CONTROL NUMBER IDENTIFIER
control field CaPaEBR
006 - FIXED-LENGTH DATA ELEMENTS--ADDITIONAL MATERIAL CHARACTERISTICS--GENERAL INFORMATION
fixed length control field m o d
007 - PHYSICAL DESCRIPTION FIXED FIELD--GENERAL INFORMATION
fixed length control field cr cn|||||||||
008 - FIXED-LENGTH DATA ELEMENTS--GENERAL INFORMATION
fixed length control field 121026t20142014cauab ob 001 0 eng|d
020 ## - INTERNATIONAL STANDARD BOOK NUMBER
Cancelled/invalid ISBN 9781597565011 (alk. paper)
Cancelled/invalid ISBN 1597565016 (alk. paper)
International Standard Book Number 9781597566797 (e-book)
040 ## - CATALOGING SOURCE
Original cataloging agency CaPaEBR
Language of cataloging eng
Description conventions rda
-- pn
Transcribing agency CaPaEBR
050 14 - LIBRARY OF CONGRESS CALL NUMBER
Classification number P118
Item number .O434 2014eb
082 04 - DEWEY DECIMAL CLASSIFICATION NUMBER
Classification number 401/.93
Edition number 23
100 1# - MAIN ENTRY--PERSONAL NAME
Personal name Oller, John W.,
Relator term author.
245 10 - TITLE STATEMENT
Title Milestones :
Remainder of title normal speech and language development across the life span /
Statement of responsibility, etc John W. Oller Jr., PhD Hawthorne Regents Professor IV, Department of Communicative Disorders, University of Louisiana at Lafayette ; Stephen D. Oller, PhD Associate Professor, Department of Biological and Health Sciences, Texas A&M University at Kingsville ; Stacey N. Oller, MS, CCC-SLP, Speech-Language Pathologist, Driscoll Children's Hospital, Flour Bluff Independent School District, Corpus Christi, Texas.
250 ## - EDITION STATEMENT
Edition statement Second edition.
264 #1 - PRODUCTION, PUBLICATION, DISTRIBUTION, MANUFACTURE, AND COPYRIGHT NOTICE
Place of production, publication, distribution, manufacture San Diego :
Name of producer, publisher, distributor, manufacturer Plural Publishing, Inc.,
Date of production, publication, distribution, manufacture, or copyright notice [2014]
Date of production, publication, distribution, manufacture, or copyright notice �2014
300 ## - PHYSICAL DESCRIPTION
Extent 1 online resource (625 pages) :
Other physical details illustrations, maps
336 ## - CONTENT TYPE
Content type term text
Source rdacontent
337 ## - MEDIA TYPE
Media type term computer
Source rdamedia
338 ## - CARRIER TYPE
Carrier type term online resource
Source rdacarrier
504 ## - BIBLIOGRAPHY, ETC. NOTE
Bibliography, etc Includes bibliographical references and index.
588 ## - SOURCE OF DESCRIPTION NOTE
Source of description note Description based on print version record.
590 ## - LOCAL NOTE (RLIN)
Local note Electronic reproduction. Palo Alto, Calif. : ebrary, 2015. Available via World Wide Web. Access may be limited to ebrary affiliated libraries.
650 #0 - SUBJECT ADDED ENTRY--TOPICAL TERM
Topical term or geographic name as entry element Language acquisition.
Topical term or geographic name as entry element Child development.
655 #0 - INDEX TERM--GENRE/FORM
Genre/form data or focus term Electronic books.
700 1# - ADDED ENTRY--PERSONAL NAME
Personal name Oller, Stephen D.,
Relator term author.
Personal name Badon, Linda C.,
Relator term author.
776 08 - ADDITIONAL PHYSICAL FORM ENTRY
Display text Print version:
Main entry heading Oller, John W.
Title Milestones : normal speech and language development across the life span.
Place, publisher, and date of publication San Diego : Plural Publishing, Inc., [2014]
Physical description xv, 607 pages ; 26 cm
International Standard Book Number 9781597565011
797 2# - LOCAL ADDED ENTRY--CORPORATE NAME (RLIN)
Corporate name or jurisdiction name as entry element ebrary.
856 40 - ELECTRONIC LOCATION AND ACCESS
Uniform Resource Identifier <a href="http://site.ebrary.com/lib/rucke/Doc?id=11025950">http://site.ebrary.com/lib/rucke/Doc?id=11025950</a>
Public note An electronic book accessible through the World Wide Web; click to view

No items available.

© 2026 Rongo University
Contact us: librarian | system librarian | Rongo university